| 000 | 01012cam a2200325 4500 | ||
|---|---|---|---|
| 001 | 200468057 | ||
| 003 | TR-AnTOB | ||
| 005 | 20260413140539.0 | ||
| 007 | ta | ||
| 008 | 030307s2024 tu 000 f tur d | ||
| 020 | _a9786256029378 | ||
| 040 |
_aTR-AnTOB _beng _erda _cTR-AnTOB |
||
| 041 | 0 |
_atur _heng |
|
| 050 | 0 | _aPR6103.A847 | |
| 090 |
_aPR6103.A847 _bC56 2024 |
||
| 100 | 1 |
_aCasey, Jane _q(Jane E.) _9153575 _eauthor |
|
| 240 | _aThe close | ||
| 245 | 1 | 0 |
_aÇıkmaz / _cJane Casey ; çeviren Aslı Dağlı ; editör Elif Nihan Akbaş. |
| 264 | 1 |
_aİstanbul : _bOlimpos Yayınları, _c2024. |
|
| 300 |
_a456 pages ; _c21 cm |
||
| 336 |
_atext _btxt _2rdacontent |
||
| 337 |
_aunmediated _bn _2rdamedia |
||
| 338 |
_avolume _bnc _2rdacarrier |
||
| 500 | _aMaeve Kerrigan serisinin 10. kitabıdır. | ||
| 650 | 7 |
_aİngiliz romanı _2etuturkob _96057 |
|
| 700 | 1 |
_aDağlı, Aslı _9128049 _etranslator |
|
| 700 | 1 |
_aAkbaş, Elif Nihan _9153577 _eeditor |
|
| 942 |
_2lcc _cBK |
||
| 999 |
_c200468057 _d86269 |
||